Serie A Winning Managers - Sudden Death - Statistics

General Stats
  • This quiz has been taken 270 times
  • The average score is 10 of 14
Answers on the Grid
Answers color-coded by a green-red scale on the quiz's grid according to % correct below.
Andrea Pirlo
Antonio Conte
Arrigo Sacchi
Carlo Ancelotti
Cesare Prandelli
Claudio Ranieri
Fabio Capello
Gennaro Gattuso
Gian Piero Gasperini
Gian Piero Ventura
Giovanni Trapattoni
Héctor Cúper
José Mourinho
Leonardo
Luciano Spalletti
Luis Enrique
Marcello Lippi
Massimiliano Allegri
Maurizio Sarri
Paulo Fonseca
Rafael Benítez
Roberto Donadoni
Roberto Mancini
Rudi Garcia
Simone Inzaghi
Stefano Pioli
Sven-Göran Eriksson
Vincenzo Italiano
 
Answer Stats
Answer % Correct
Antonio Conte
94%
Carlo Ancelotti
88%
Fabio Capello
80%
Arrigo Sacchi
77%
José Mourinho
74%
Massimiliano Allegri
74%
Marcello Lippi
71%
Simone Inzaghi
71%
Giovanni Trapattoni
69%
Luciano Spalletti
63%
Maurizio Sarri
63%
Stefano Pioli
59%
Roberto Mancini
52%
Sven-Göran Eriksson
46%
No matching quizzes found
Score Distribution
Percent of People with Each Score
Percentile by Number Answered
Your Score History
You have not taken this quiz